| 000 | 00572nam a2200169 a 4500 | ||
|---|---|---|---|
| 005 | 20140412111306.0 | ||
| 008 | 010426s19uu xx 00 eng d | ||
| 020 | _a0-8234-0623-7 | ||
| 050 |
_aTR(PS E _bMa11 1983 |
||
| 100 | _aDePaola, Tomie | ||
| 245 |
_aMarianna May and nursey / _cTomie DePoala. |
||
| 260 |
_aNew York : _bHoliday House, _c1983. |
||
| 300 | _a1v. (unp.) ; ill. | ||
| 520 | _aA little rich girl is miserable because she isn't allowed to do anything but sit still and keep her white dresses clean. | ||
| 650 | _aCleanliness-Fiction | ||
| 999 |
_c103685 _d103685 |
||